Storie d'amore (dalle Metamorfosi) /

में बचाया:
ग्रंथसूची विवरण
मुख्य लेखक: Ovidius Naso, Publius (लेखक)
अन्य लेखक: Pianezzola, Emilio (संपादक), Pianezzola, Clemente (अनुवादक)
स्वरूप: पुस्तक
भाषा:इतालवी
लैटिन
प्रकाशित: Venezia : Marsilio, 2007
श्रृंखला:Il convivio
Letteratura universale Marsilio
टैग: टैग जोड़ें
कोई टैग नहीं, इस रिकॉर्ड को टैग करने वाले पहले व्यक्ति बनें!

MARC

LEADER 00000nam a22000007i 4500
001 IT\ICCU\RAV\1521578
003 ItRI
005 20250724151103.0
008 070222s2007 it |||||| ||||| |||||c
020 |a 8831791303 
020 |a 9788831791304 (2. ed. 2010) 
040 |b ita  |c ct 
041 7 |a ita  |a lat  |2 ISO-639-2 
100 1 |a Ovidius Naso, Publius  |0 IT\ICCU\CFIV\002690  |4 aut 
245 1 0 |a Storie d'amore (dalle Metamorfosi) /  |c Ovidio ; a cura di Emilio Pianezzola ; traduzione di Clemente Pianezzola. 
260 |a Venezia :  |b Marsilio,  |c 2007 
300 |a 347 p. ;  |c 18 cm 
500 |a Testo orig. a fronte. 
700 1 |a Pianezzola, Emilio  |0 IT\ICCU\CFIV\024430  |4 edt 
700 1 |a Pianezzola, Clemente  |0 IT\ICCU\RAVV\502619  |4 trl 
830 3 |a Il convivio  |0 IT\ICCU\CFI\0024351 
830 0 |a Letteratura universale Marsilio  |0 IT\ICCU\CFI\0504926 
942 |2 ddc  |c BK 
952 |0 0  |1 0  |2 ddc  |4 0  |6 B_LPS01OVIDISTO11  |7 0  |9 7334  |a MI  |b MI  |d 2010-02-26  |i 5885  |l 0  |o B-LPS01-OVIDI-STO11  |p CDOM5885  |r 2025-07-13 16:28:37  |w 2025-07-13  |x ACQUISTO  |y BK 
981 1 |6 z01  |a i   |b xxxe  
982 1 |6 z01  |a n 
999 |c 6035  |d 6035